Statistiken für Inselstaaten mit einer Karte

Klicken Sie hier um das Quiz zu spielen!

Allgemein

  • Dieses Quiz wurde 307 mal gespielt
  • Das Durchschnittsergebnis liegt bei 190 aus 196

Antworten auf der Karte

Die Antworten werden auf der Karte rot bzw. grün angezeigt, abhängig davon wie oft sie richtig erraten wurden.
 

Antwortstatistiken

land% Korrekt
Afghanistan
100%
Ägypten
100%
Albanien
100%
Algerien
100%
Andorra
100%
Angola
100%
Äquatorial-Guinea
100%
Argentinien
100%
Armenien
100%
Aserbaidschan
100%
Äthiopien
100%
Bangladesch
100%
Belarus
100%
Belgien
100%
Belize
100%
Benin
100%
Bhutan
100%
Bolivien
100%
Bosnien und
Herzegowina
100%
Botswana
100%
Brasilien
100%
Bulgarien
100%
Burkina Faso
100%
Burundi
100%
Chile
100%
China
100%
Costa Rica
100%
Côte d'Ivoire
100%
Dänemark
100%
Demokratische
Republik Kongo
100%
Deutschland
100%
Dschibuti
100%
Ecuador
100%
El Salvador
100%
Eritrea
100%
Estland
100%
Eswatini
100%
Finnland
100%
Frankreich
100%
Gabun
100%
Gambia
100%
Georgien
100%
Ghana
100%
Griechenland
100%
Guatemala
100%
Guinea
100%
Guinea-Bissau
100%
Guyana
100%
Honduras
100%
Indien
100%
Irak
100%
Iran
100%
Israel
100%
Italien
100%
Jemen
100%
Jordanien
100%
Kambodscha
100%
Kamerun
100%
Kanada
100%
Kasachstan
100%
Katar
100%
Kenia
100%
Kirgisistan
100%
Kolumbien
100%
Kongo
100%
Kosovo
100%
Kroatien
100%
Kuwait
100%
Laos
100%
Lesotho
100%
Lettland
100%
Libanon
100%
Liberia
100%
Libyen
100%
Liechtenstein
100%
Litauen
100%
Luxemburg
100%
Malawi
100%
Malaysia
100%
Mali
100%
Marokko
100%
Mauretanien
100%
Mexiko
100%
Moldawien
100%
Monaco
100%
Mongolei
100%
Montenegro
100%
Mosambik
100%
Myanmar
100%
Namibia
100%
Nepal
100%
Nicaragua
100%
Niederlande
100%
Niger
100%
Nigeria
100%
Nordkorea
100%
Nordmazedonien
100%
Norwegen
100%
Oman
100%
Österreich
100%
Pakistan
100%
Panama
100%
Paraguay
100%
Peru
100%
Polen
100%
Portugal
100%
Ruanda
100%
Rumänien
100%
Russland
100%
Sambia
100%
San Marino
100%
Saudi-Arabien
100%
Schweden
100%
Schweiz
100%
Senegal
100%
Serbien
100%
Sierra Leone
100%
Simbabwe
100%
Slowakei
100%
Slowenien
100%
Somalia
100%
Spanien
100%
Südafrika
100%
Sudan
100%
Südkorea
100%
Südsudan
100%
Suriname
100%
Syrien
100%
Tadschikistan
100%
Tansania
100%
Thailand
100%
Togo
100%
Tschad
100%
Tschechien
100%
Tunesien
100%
Türkei
100%
Turkmenistan
100%
Uganda
100%
Ukraine
100%
Ungarn
100%
Uruguay
100%
Usbekistan
100%
Vatikanstadt
100%
Venezuela
100%
Vereinigte Arabische Emirate
100%
Vereinigte Staaten
100%
Vietnam
100%
Zentralafrikanische Republik
100%
Australien
96%
Irland
96%
Island
96%
Japan
96%
Kuba
96%
Madagaskar
96%
Neuseeland
96%
Vereinigtes Königreich
96%
Bahamas
95%
Haiti
95%
Indonesien
95%
Dominikanische
Republik
94%
Malediven
94%
Philippinen
94%
Seychellen
94%
Sri Lanka
94%
Papua-Neuguinea
93%
Cabo Verde
92%
Taiwan
92%
Komoren
91%
São Tomé und Príncipe
91%
Jamaika
90%
Mauritius
90%
Mikronesien
90%
Fidschi
89%
Palau
89%
Tonga
89%
Malta
88%
St. Lucia
88%
Trinidad und Tobago
88%
Tuvalu
88%
Kiribati
87%
Nauru
87%
Marshallinseln
86%
St. Kitts und Nevis
86%
St. Vincent und
die Grenadinen
86%
Zypern
86%
Barbados
85%
Salomonen
85%
Vanuatu
85%
Dominica
84%
Samoa
83%
Antigua und Barbuda
82%
Grenada
81%
Timor-Leste
77%
Brunei
68%
Singapur
63%
Bahrain
53%

Verteilung der Resultate

Perzentil nach korrekt beantworteten Fragen

Anzahl Personen mit jedem Resultat

Ihre Resultats-Entwicklung

Sie haben dieses Quiz noch nicht gespielt